Security technologies for the World Wide Web / (Record no. 175306)
[ view plain ]
| 000 -LEADER | |
|---|---|
| fixed length control field | 01161 a2200217 4500 |
| 003 - CONTROL NUMBER IDENTIFIER | |
| control field | Nust |
| 005 - DATE AND TIME OF LATEST TRANSACTION | |
| control field | 20220726121251.0 |
| 010 ## - LIBRARY OF CONGRESS CONTROL NUMBER | |
| LC control number | 99045835 |
| 020 ## - INTERNATIONAL STANDARD BOOK NUMBER | |
| International Standard Book Number | 1580530451 (alk. paper) |
| 040 ## - CATALOGING SOURCE | |
| Transcribing agency | Nust |
| 082 00 - DEWEY DECIMAL CLASSIFICATION NUMBER | |
| Classification number | 005.8,OPP |
| 100 1# - MAIN ENTRY--PERSONAL NAME | |
| Personal name | Oppliger, Rolf. |
| 9 (RLIN) | 59148 |
| 245 10 - TITLE STATEMENT | |
| Title | Security technologies for the World Wide Web / |
| Statement of responsibility, etc. | Rolf Oppliger. |
| 260 ## - PUBLICATION, DISTRIBUTION, ETC. | |
| Place of publication, distribution, etc. | Boston, MA : |
| Name of publisher, distributor, etc. | Artech House, |
| Date of publication, distribution, etc. | c2000. |
| 300 ## - PHYSICAL DESCRIPTION | |
| Extent | xxi, 419 p.: |
| Other physical details | ill. ; |
| Dimensions | 24 cm. |
| 440 #0 - SERIES STATEMENT/ADDED ENTRY--TITLE | |
| Title | Artech House computer security series |
| 9 (RLIN) | 95054 |
| 505 ## - FORMATTED CONTENTS NOTE | |
| Formatted contents note | Introduction (Page-1), HTTP user Authentication and Authorization (Page-21, Proxy Servers and Firewalls (Page-41), Cryptographic Techniques (Page-73), Internet Security Protocols (Page-95), SSL and TLS Protocols (Page-131), Electronic payment Systems (Page-171), Managing Certificate (Page-207), Executable Content (Page-241), CGI and API Scripts (Page-273), Mobile Code and Agent Based Systems (Page-289), Copyright Protection (Page-307), Privacy Protection and Anonymit services (Page-321), Censorship on the WWW (Page-353) . |
| 650 #0 - SUBJECT ADDED ENTRY--TOPICAL TERM | |
| Topical term or geographic name entry element | Computer security. |
| 9 (RLIN) | 570 |
| 650 #0 - SUBJECT ADDED ENTRY--TOPICAL TERM | |
| Topical term or geographic name entry element | World Wide Web |
| General subdivision | Security measures. |
| 9 (RLIN) | 95171 |
| 942 ## - ADDED ENTRY ELEMENTS (KOHA) | |
| Source of classification or shelving scheme | |
| Koha item type | Reference |
| Withdrawn status | Lost status | Source of classification or shelving scheme | Damaged status | Not for loan | Permanent Location | Current Location | Shelving location | Date acquired | Full call number | Barcode | Date last seen | Price effective from | Koha item type | Public note |
|---|---|---|---|---|---|---|---|---|---|---|---|---|---|---|
| Military College of Signals (MCS) | Military College of Signals (MCS) | Reference | 12/12/2016 | 005.8,OPP | MCS28342 | 12/08/2016 | 12/12/2016 | Book | Almirah No.18, Shelf No.3 |
